| 000 | 00992cam a22002533a 4500 | ||
|---|---|---|---|
| 001 | 1655 | ||
| 003 | PGUSA | ||
| 005 | 20140828083004.0 | ||
| 008 | 990201s1999||||xxu|||||s|||||000 1 eng d | ||
| 040 |
_aPGUSA _beng |
||
| 042 | _adc | ||
| 050 | 4 | _aPS | |
| 100 | 1 |
_aLondon, Jack, _d1876-1916 |
|
| 245 | 1 | 4 |
_aThe God of His Fathers : _bTales of the Klondyke _h[electronic resource] / _cJack London |
| 260 |
_bProject Gutenberg, _c1999 |
||
| 505 | 0 | _aThe god of his fathers -- The great interrogation -- Which make men remember -- Siwash -- The man with the gash -- Jan, the unrepentant -- Grit of women -- Where the trail forks -- A daughter of the aurora -- At the rainbow's end -- The scorn of women. | |
| 506 | _aPublic domain in the USA. | ||
| 516 | _aElectronic text | ||
| 653 | _aUnited States -- Social life and customs -- 20th century -- Fiction | ||
| 653 | _aShort stories | ||
| 830 | 0 |
_aProject Gutenberg _v1655 |
|
| 856 | 4 | 0 | _uhttp://www.gutenberg.org/ebooks/1655 |
| 942 | _cEB | ||
| 999 |
_c231001 _d231001 |
||